000 00566cam a2200217ua 4500
001 12058
008 200212n ii |||gr||||Z||||||asm
020 _a9789388458290
040 _cMAIN
041 _aasm
082 _a370.15
100 _aChandraprabha Hazarika,
_eAuthor.
245 _aShikshar manoboigyanik buniyad
_cBy Chandraprabha Hazarika
250 _a1st ed.
260 _aGuwahati:
_bStudents stores,
_c2019.
300 _a216p.
653 _aEducation
653 _aEducational psychology
700 _aArupa Gogoi Dutta,
_eAuthor.
942 _cBK
999 _c10841
_d10841